Congreso americano de derecho forestal
Guardat en:
| Format: | Llibre |
|---|---|
| Idioma: | espanyol |
| Publicat: |
Viña del Mar
s.n
1982
|
| Matèries: | |
| Etiquetes: |
Afegir etiqueta
Sense etiquetes, Sigues el primer a etiquetar aquest registre!
|
MARC
| LEADER | 00000nam a2200000 a 4500 | ||
|---|---|---|---|
| 001 | UCS2829 | ||
| 003 | CL-VaPUC | ||
| 008 | 970606e19820000cl |||||||||||||||||spa|d | ||
| 082 | 0 | 4 | |a 346.046 |b CON |2 21 |
| 245 | 1 | 0 | |a Congreso americano de derecho forestal |
| 300 | |a 300 p | ||
| 942 | |c BK | ||
| 945 | |d 19970606 00:00:00 |a lriquelm | ||
| 260 | |a Viña del Mar |b s.n |c 1982 | ||
| 650 | 7 | |a DERECHO FORESTAL |2 CL-VaPUC |9 388692 | |
| 650 | 0 | |a Evolución |9 259442 | |
| 650 | 7 | |a POLITICA FORESTAL |2 CL-VaPUC |9 388693 | |
| 650 | 0 | |a Bosques |9 269804 | |
| 650 | 7 | |a REFORESTACION |2 CL-VaPUC |9 262802 | |
| 650 | 0 | |a Contrato de compraventa |9 388694 | |
| 650 | 0 | |a Derecho de minería |9 344919 | |
| 650 | 0 | |a Propiedad |9 255268 | |
| 650 | 7 | |a ESPACIOS ABIERTOS |2 CL-VaPUC |9 262901 | |
| 650 | 7 | |a RECURSOS FORESTALES |2 CL-VaPUC |9 334317 | |
| 650 | 7 | |a FOMENTO FORESTAL |2 CL-VaPUC |9 388695 | |
| 650 | 7 | |a PROTECCION DE LA FLORA Y LA FAUNA SILVESTRES |2 CL-VaPUC |9 388696 | |
| 650 | 7 | |a RESERVAS NATURALES |2 CL-VaPUC |9 350715 | |
| 651 | 7 | |a CHILE |2 CL-VaPUC |9 388697 | |
| 651 | 0 | |a Argentina |9 254888 | |
| 651 | 0 | |a España |9 254926 | |
| 583 | |a last modification |c 20180102 04:28:24 |k Rodrigo Vera | ||
| 999 | |c 260760 |d 260758 | ||
| 952 | |0 0 |1 0 |4 0 |6 346_046000000000000_CON_1982 |7 0 |8 A |9 287094 |a BIBDER |b BIBDER |d 2019-11-19 |i 185786K |o 346.046 CON 1982 |p 185786K |r 2023-01-25 |w 2019-11-19 |y BK |k DER | ||